| 000 | 00383nam a22001697a 4500 | ||
|---|---|---|---|
| 005 | 20160531094430.0 | ||
| 008 | 160531b xxu||||| |||| 00| 0 eng d | ||
| 020 | _a81-259-1308-4 | ||
| 041 | _aeng | ||
| 082 | _b6226 | ||
| 100 |
_aAhuja, B.N. and Chabara S.S _91563 |
||
| 245 | _aAdvertising | ||
| 260 | _bExcel Books | ||
| 300 | _a471 | ||
| 650 |
_aManagement _9241 |
||
| 942 | _cBK | ||
| 999 |
_c2206 _d2205 |
||